Taylor Swift- Carolina (All Lyrics) - Statistics

General Stats
  • This quiz has been taken 49 times
  • The average score is 188 of 233
Answer Stats
Lyrics % Correct
Carolina
100%
a
96%
I
96%
Oh,
96%
And
92%
and
92%
it
92%
know
92%
me
92%
me?
92%
me,
92%
never
92%
never,
92%
on
92%
the
92%
did
88%
in
88%
my
88%
No,
88%
no
88%
see
88%
they
88%
They
88%
was
88%
you
88%
ever
83%
go
83%
here
83%
I'll
83%
knows
83%
running
83%
that
83%
That
83%
there
83%
through
83%
veins
83%
are
79%
for
79%
Into
79%
into
79%
It's
79%
lonesome
79%
Lonesome
79%
mist,
79%
only
79%
sin
79%
we
79%
will
79%
always
75%
as
75%
But
75%
creeks
75%
didn't
75%
guilty
75%
Lost
75%
places
75%
said
75%
she
75%
stay
75%
these
75%
things
75%
why,
75%
why
75%
years,
75%
years
75%
bed
71%
between
71%
birds,
71%
born,
71%
count
71%
dreams
71%
fist,
71%
leave
71%
liar's
71%
like
71%
make
71%
saw
71%
sea
71%
she's
71%
whispers
71%
won't
71%
came
67%
clouds
67%
cover
67%
Free
67%
ghosts
67%
Muddy
67%
sand,
67%
sleep
67%
stains
67%
back
63%
comes
63%
Don't
63%
dress
63%
fast
63%
left
63%
light
63%
marks
63%
pines,
63%
pivotal
63%
scars,
63%
weave
63%
Blue
58%
down
58%
Indelible
58%
roads
58%
roam
58%
they've
58%
Hide
54%
life
54%
meet
54%
webs
54%
fled
50%
robes
42%
No matching quizzes found
Score Distribution
Percent of People with Each Score
Percentile by Number Answered
Your Score History
You have not taken this quiz